000 01257nam a2200349 i 4500
001 7826
003 KOSZ 005
005 20200422152541.0
008 070620s1969 pl a f f 001 0 pol
015 _aPB 1969/2646
040 _aWA N
_cWA N
_dKOSZ 005/RW
_dKOSZ 005/HR
046 _k1969
080 _a69
080 _a624
080 _a(083.1)
245 0 0 _aPoradnik inżyniera i technika budowlanego.
_nT. 2 cz. 2 /
_c[aut. Władysław Danilecki et al. ; red. Eugeniusz Piliszek, Eugenia Krzemińska-Niemiec] ; Polski Związek Inżynierów i Techników Budownictwa.
250 _aWyd. 2 zm. i rozsz.
260 _aWarszawa :
_bArkady,
_c1969.
300 _a1178, [6] s. :
_bil. ;
_c23 cm.
380 _aKsiążki.
388 _a1901-2000
504 _aBibliogr. przy rozdz. Indeks.
658 _aArchitektura i budownictwo
650 4 _aBudownictwo
655 4 _aPoradnik
710 2 _aWydawnictwo "Arkady".
_4pbl.
700 1 _aDanilecki, Władysław
_eAutor
700 1 _aPiliszek, Eugeniusz
_c(budownictwo)
_eRedakcja
700 1 _aKrzemińska-Niemiec, Eugenia
_eRedakcja
856 _uhttp://koha.tu.koszalin.pl/cgi-bin/koha/opac-detail.pl?biblionumber=7826
_yKatalog online BPK
942 _2UKD
_cKS
999 _c7826
_d7826